Aplicación de unidades de autoenseñanza en el área de ciencias sociales del quinto año de educación primaria / (Record no. 3731)
[ view plain ]
| 000 -CABECERA | |
|---|---|
| campo de control de longitud fija | 00752nam a2200181 a 4500 |
| 005 - FECHA Y HORA DE LA ÚLTIMA TRANSACCIÓN | |
| campo de control | 20230608063558.0 |
| 008 - ELEMENTOS DE LONGITUD FIJA--INFORMACIÓN GENERAL | |
| campo de control de longitud fija | 991125s1982 mx 000 0 spa u |
| 035 ## - NÚMERO DE CONTROL DEL SISTEMA | |
| Número de control de sistema | UPN01000003731 |
| 049 ## - COLECCIÓN | |
| Colección | CG |
| 050 #4 - SIGNATURA TOPOGRÁFICA DE LA BIBLIOTECA DEL CONGRESO | |
| Número de clasificación | LB1584 |
| Número de documento/Ítem | H4.2 |
| 100 1# - ASIENTO PRINCIPAL--NOMBRE PERSONAL | |
| Nombre de persona | Hernández Fuentes, Raquel |
| 245 10 - MENCIÓN DE TÍTULO | |
| Título | Aplicación de unidades de autoenseñanza en el área de ciencias sociales del quinto año de educación primaria / |
| Mención de responsabilidad, etc. | Raquel Hernández Fuentes. |
| 260 ## - PUBLICACIÓN, DISTRIBUCIÓN, ETC. | |
| Lugar de publicación, distribución, etc. | México : |
| Nombre del editor, distribuidor, etc. | R. Hernández Fuentes, |
| Fecha de publicación, distribución, etc. | 1982. |
| 300 ## - DESCRIPCIÓN FÍSICA | |
| Extensión | 90 h. |
| 500 ## - NOTA GENERAL | |
| Nota general | Trabajo escrito (Lic. en Pedagogía) -- Universidad Nacional Autónoma de México. Facultad de Filosofía y Letras. Colegio de Pedagogía, 1982 |
| 650 #4 - ASIENTO SECUNDARIO DE MATERIA - TERMINO TEMATICO | |
| Término de materia o nombre geográfico como elemento de entrada | Ciencias sociales |
| Subdivisión general | Estudio y enseñanza (Elemental) |
| 9 (RLIN) | 2813 |
| 905 ## - TIPO DE MATERIAL | |
| Tipo de material | Libro |
| Estado de retiro | Estado de pérdida | Fuente del sistema de clasificación o colocación | Estado dañado | No para préstamo | Código de colección | Localización permanente | Ubicación/localización actual | Ubicación en estantería | Total de préstamos | Clasificación | Código de barras | Fecha visto por última vez | Número de copia | Tipo de ítem Koha |
|---|---|---|---|---|---|---|---|---|---|---|---|---|---|---|
| Library of Congress Classification | Colección General | Bib. Gregorio Torres Quintero | Bib. Gregorio Torres Quintero | Planta baja | LB1584 H4.2 | 130842 | 31/12/2020 | 1 | Libro |
